[Event "XXXVII Olimpiadi femminile"]
[Site "Torino ITA"]
[Date "2006.05.21"]
[Round "1.2"]
[White "Ramirez, Maria Eugenia"]
[Black "Marrero Lopez, Yaniet"]
[Result "0-1"]
[WhiteElo "1940"]
[BlackElo "2269"]
[Annotator "CUB-BOL"]
[PlyCount "148"]
[EventDate "2006.05.21"]

1. e4 e5 2. Nf3 Nc6 3. Nc3 Nf6 4. Bb5 Bd6 5. d3 a6 6. Bc4 b5 7. Bb3 Na5 8. Bg5
h6 9. Bh4 Nxb3 10. axb3 c6 11. d4 exd4 12. Qxd4 Qe7 13. e5 Bc5 14. Qf4 g5 15.
Qxf6 Qxf6 16. exf6 gxh4 17. Ne4 Bf8 18. O-O-O d5 19. Nc3 Bc5 20. Rhe1+ Be6 21.
Re2 h3 22. gxh3 O-O-O 23. Nd4 Bd7 24. Re3 Rhg8 25. Rg3 Bd6 26. Rf3 Bxh2 27.
Nce2 Be5 28. Nf5 Bxf5 29. Rxf5 Rde8 30. Nd4 Kc7 31. Nf3 Bd6 32. Kd2 Rg2 33. Nh4
Rg5 34. Re1 Rxf5 35. Nxf5 Bf4+ 36. Kd1 Rxe1+ 37. Kxe1 c5 38. Ke2 Kd7 39. Kd3
Ke6 40. Ne7 Be5 41. c3 Bxf6 42. Nc6 Kd6 43. Na5 Kc7 44. b4 c4+ 45. Ke3 d4+ 46.
Kd2 Bg5+ 47. Kd1 dxc3 48. bxc3 Kb6 49. Ke2 Bf6 50. Kd2 Be5 51. Kc2 Bb8 52. Kd2
Ba7 53. Ke3 Kc7+ 54. Kf3 Bb6 55. Ke4 Bxf2 56. Kd5 Bb6 57. Nc6 Bf2 58. Ne5 Be1
59. Kd4 f5 60. Nf3 Bg3 61. Kd5 Kd7 62. Kc5 Bf2+ 63. Kd5 Be3 64. Ke5 f4 65. h4
Bc1 66. Kd5 Bb2 67. Kd4 Ke6 68. Nd2 Kf5 69. h5 Kg4 70. Ne4 Kxh5 71. Ke5 f3 72.
Kd4 Bc1 73. Nf2 Kh4 74. Ne4 Kh3 0-1

[Event "XXXVII Olimpiadi femminile"]
[Site "Torino ITA"]
[Date "2006.05.21"]
[Round "1.1"]
[White "Methmali, Uluwitike Gamage Yashod"]
[Black "Fierro Baquero, Martha Lorena"]
[Result "0-1"]
[WhiteElo "1872"]
[BlackElo "2294"]
[Annotator "SRI-ECU"]
[PlyCount "82"]
[EventDate "2006.05.21"]

1. e4 g6 2. d4 Bg7 3. Bc4 c6 4. c3 d5 5. exd5 cxd5 6. Bb3 Nf6 7. Ne2 O-O 8. O-O
Nc6 9. h3 b5 10. a4 b4 11. Bf4 Qb6 12. Nd2 Ba6 13. Re1 Rac8 14. Nf3 e6 15. Bd6
Bxe2 16. Rxe2 Nxd4 17. Qxd4 Qxd6 18. cxb4 Ne4 19. Qxa7 Qxb4 20. Qe3 Rb8 21. Bc2
Nd6 22. Rb1 Nc4 23. Qg5 Nxb2 24. Qg3 Qc4 25. Rd2 Rfc8 26. Ne5 Qc7 27. f4 Bxe5
28. fxe5 Nc4 29. Rxb8 Qxb8 30. Re2 Nxe5 31. Kh2 Rc3 32. Qxe5 Qxe5+ 33. Rxe5
Rxc2 34. Rg5 h5 35. Rg3 Ra2 36. Rb3 Rxa4 37. Kg3 Kg7 38. Rf3 e5 39. Re3 Kf6 40.
h4 d4 41. Re4 Kf5 0-1

[Event "XXXVII Olimpiadi femminile"]
[Site "Torino ITA"]
[Date "2006.05.21"]
[Round "1.2"]
[White "Moncayo Romero, Evelyn"]
[Black "Wijayawardena, Dangampolage M.C."]
[Result "1-0"]
[WhiteElo "2261"]
[BlackElo "1872"]
[Annotator "SRI-ECU"]
[PlyCount "71"]
[EventDate "2006.05.21"]

1. e4 c5 2. Nf3 d6 3. d4 cxd4 4. Nxd4 Nf6 5. Nc3 a6 6. Be3 e6 7. g4 b5 8. g5
Nfd7 9. Qd2 Bb7 10. a3 Nb6 11. Rg1 N8d7 12. f4 Nc5 13. Qf2 Rb8 14. Bg2 Nc4 15.
O-O-O Qa5 16. Nb3 Nxb3+ 17. cxb3 b4 18. bxc4 bxc3 19. Bb6 Qa4 20. Rd3 cxb2+ 21.
Qxb2 Bxe4 22. Bxe4 Qxc4+ 23. Rc3 Qxe4 24. Rf1 Be7 25. Qf2 O-O 26. Re1 Qf5 27.
Re2 Rfc8 28. Rec2 Rxc3 29. Rxc3 d5 30. a4 e5 31. a5 exf4 32. h4 Qe5 33. Qf3
Qe1+ 34. Kc2 Qxh4 35. Qxd5 Qf2+ 36. Bxf2 1-0

[Event "XXXVII Olimpiadi femminile"]
[Site "Torino ITA"]
[Date "2006.05.21"]
[Round "1.3"]
[White "Koswatte, Chandrika Thilini"]
[Black "Vasquez Ramirez, Rocio"]
[Result "0-1"]
[WhiteElo "1839"]
[BlackElo "2252"]
[Annotator "SRI-ECU"]
[PlyCount "130"]
[EventDate "2006.05.21"]

1. d4 d5 2. c4 dxc4 3. Nc3 Nf6 4. e3 e6 5. Bxc4 a6 6. Nf3 c5 7. O-O b5 8. Bd3
Bb7 9. dxc5 Bxc5 10. Qe2 Nbd7 11. e4 O-O 12. Bg5 h6 13. Bh4 b4 14. Na4 Be7 15.
Rfd1 Qa5 16. b3 e5 17. Nb2 Nb6 18. Nd2 Rfe8 19. Nbc4 Qc5 20. Rac1 Nxc4 21. Bxc4
Qd4 22. Bd3 Rad8 23. Nf3 Qb6 24. Nxe5 Nxe4 25. Bxe7 Rxd3 26. Nxd3 Nc3 27. Rxc3
bxc3 28. Re1 Qc6 29. f3 c2 30. Qd2 Qd7 31. Bb4 Qd4+ 32. Kf1 Qxd3+ 33. Qxd3
Rxe1+ 34. Bxe1 c1=Q 35. Qd8+ Kh7 36. Qd3+ Kg8 37. Qd8+ Kh7 38. Qd7 Bc6 39. Qd3+
g6 40. Qxa6 Qc5 41. a4 Bd5 42. Qb5 Qd6 43. Bb4 Qe6 44. Kf2 Bxb3 45. Qe2 Qb6+
46. Qe3 Qxb4 47. a5 Bc4 48. Qd4 Qa4 49. Ke3 Qa3+ 50. Kf2 Be6 51. Qb6 Bc4 52.
Qc7 Qa2+ 53. Ke3 Qe2+ 54. Kd4 Be6 55. Kc5 Qxg2 56. Qc6 Qc2+ 57. Kb6 Qc3 58. Qc4
Bxc4 59. Kc6 Bd3+ 60. Kb6 Be2 61. f4 Kg7 62. a6 Kf6 63. a7 Bf3 64. f5 Kxf5 65.
a8=Q Bxa8 0-1

[Event "XXXVII Olimpiadi femminile"]
[Site "Torino ITA"]
[Date "2006.05.21"]
[Round "1.1"]
[White "Zuriel, Marisa"]
[Black "Richards, Deborah"]
[Result "0-1"]
[WhiteElo "2214"]
[BlackElo "1922"]
[Annotator "ARG-JAM"]
[PlyCount "82"]
[EventDate "2006.05.21"]

1. e4 c5 2. Nf3 e6 3. d4 cxd4 4. Nxd4 Nc6 5. Be3 Qc7 6. c4 a6 7. Nc3 Nf6 8.
Nxc6 dxc6 9. Bd3 e5 10. h3 Be7 11. O-O O-O 12. Qe2 Be6 13. f4 exf4 14. Bxf4 Qa5
15. e5 Nd7 16. Rae1 Rad8 17. Rf3 Nc5 18. Bb1 Rd4 19. Qf2 Rxc4 20. Qg3 Rd8 21.
h4 Kh8 22. h5 Qb6 23. Rf2 Nd3 24. Be3 Qc7 25. Bxd3 Rxd3 26. Nd1 Rg4 27. Qf3 Bh4
28. h6 Qd7 29. hxg7+ Kg8 30. Nc3 Bxf2+ 31. Qxf2 Qe7 32. Qf4 Qe8 33. Bc5 Rxg7
34. Qf1 Rf3 35. Ne4 Rxg2+ 36. Kh1 Qd8 37. Nf6+ Kh8 38. Rd1 Bd5 39. Rxd5 cxd5
40. Bd4 Qc8 41. Nd7 Qxd7 0-1

[Event "XXXVII Olimpiadi femminile"]
[Site "Torino ITA"]
[Date "2006.05.21"]
[Round "1.2"]
[White "Przezdziecka, Marta"]
[Black "Dymshits, Galina"]
[Result "1-0"]
[WhiteElo "2265"]
[BlackElo "2048"]
[Annotator "IPCA-POL"]
[PlyCount "87"]
[EventDate "2006.05.21"]

1. d4 Nf6 2. Nf3 g6 3. c4 Bg7 4. Nc3 O-O 5. Bg5 d6 6. e3 Nbd7 7. Be2 c5 8. O-O
a6 9. d5 h6 10. Bh4 Qa5 11. Nd2 Re8 12. e4 Rb8 13. a4 e5 14. dxe6 fxe6 15. Nb3
Qc7 16. Bg3 Ne5 17. Qd2 Rd8 18. Rfd1 Nf7 19. e5 dxe5 20. Qc2 Kh7 21. Rxd8 Nxd8
22. Bd3 Qf7 23. Bxe5 Ra8 24. Nxc5 Nc6 25. Bg3 Nb4 26. Qe2 b6 27. N5e4 Nxd3 28.
Nd6 Qd7 29. Qxd3 Bb7 30. Qe2 Bc6 31. Rd1 Bxa4 32. Re1 Bc6 33. Qxe6 Rd8 34. Qe3
Nh5 35. Nde4 Nxg3 36. Nxg3 Qb7 37. Nce4 Bxb2 38. h4 Bd4 39. Qf4 Qg7 40. h5 Rf8
41. hxg6+ Kh8 42. Qd6 Be8 43. Nh5 Bxf2+ 44. Nxf2 1-0

[Event "XXXVII Olimpiadi femminile"]
[Site "Torino ITA"]
[Date "2006.05.21"]
[Round "1.3"]
[White "Kudrina, Alia"]
[Black "Majdan, Joanna"]
[Result "0-1"]
[WhiteElo "2042"]
[BlackElo "2297"]
[Annotator "IPCA-POL"]
[PlyCount "90"]
[EventDate "2006.05.21"]

1. c3 Nf6 2. Qa4 c6 3. e4 d6 4. Nf3 Bg4 5. Be2 Nbd7 6. d3 e5 7. h3 Bxf3 8. Bxf3
Be7 9. O-O O-O 10. d4 d5 11. Nd2 exd4 12. cxd4 Nb6 13. Qc2 Rc8 14. e5 Nfd7 15.
Qf5 g6 16. Qg4 Re8 17. Re1 c5 18. Nb3 cxd4 19. e6 Bf6 20. exf7+ Kxf7 21. Rxe8
Qxe8 22. Bg5 Bg7 23. Qf4+ Kg8 24. Qd6 Qe5 25. Qxe5 Nxe5 26. Bd1 Nec4 27. Bg4
Re8 28. Rd1 h5 29. Bf3 Nxb2 30. Rb1 N2a4 31. Bd2 Nc3 32. Ra1 Kf7 33. Nc5 Re7
34. a4 Rc7 35. Nd3 Ne4 36. Bf4 Rc3 37. Ne5+ Kf6 38. Rb1 Kf5 39. a5 Kxf4 40.
Nxg6+ Kg5 41. axb6 Kxg6 42. bxa7 Ra3 43. Rxb7 h4 44. Be2 Ra1+ 45. Kh2 Nxf2 0-1

[Event "XXXVII Olimpiadi femminile"]
[Site "Torino ITA"]
[Date "2006.05.21"]
[Round "1.1"]
[White "Mansour, Mariam"]
[Black "Munguntuul, Batkhuyag"]
[Result "0-1"]
[WhiteElo "1838"]
[BlackElo "2378"]
[Annotator "UAE-MGL"]
[PlyCount "46"]
[EventDate "2006.05.21"]

1. e4 c5 2. Nf3 e6 3. Nc3 d5 4. exd5 exd5 5. d4 c4 6. Bf4 Bb4 7. Qd2 Nf6 8. a3
Ne4 9. Qe3 Bxc3+ 10. bxc3 O-O 11. Be2 Re8 12. Nd2 Nf6 13. Qg3 Bf5 14. Ra2 Nc6
15. Be3 Qa5 16. Nb1 Ne4 17. Qf4 Nxc3 18. Nxc3 Qxc3+ 19. Bd2 Rxe2+ 20. Kxe2
Nxd4+ 21. Kf1 Bd3+ 22. cxd3 Qxd3+ 23. Kg1 Ne2+ 0-1

[Event "XXXVII Olimpiadi femminile"]
[Site "Torino ITA"]
[Date "2006.05.21"]
[Round "1.2"]
[White "Yanjindulam, Dulamsuren"]
[Black "Ebtissam, Mohamed"]
[Result "1-0"]
[WhiteElo "2162"]
[BlackElo "1797"]
[Annotator "UAE-MGL"]
[PlyCount "59"]
[EventDate "2006.05.21"]

1. e4 c5 2. Nf3 d6 3. d4 cxd4 4. Nxd4 a6 5. Nc3 Nf6 6. Bg5 Nbd7 7. f4 e5 8. Nf5
Qb6 9. Qd2 Qxb2 10. Rb1 Qa3 11. Bc4 Qc5 12. Bd5 Rb8 13. fxe5 dxe5 14. Be3 Qc7
15. O-O Nc5 16. Qf2 Ncd7 17. Rb3 b5 18. Qg3 Rg8 19. Kh1 b4 20. Ne2 Qxc2 21.
Nfd4 exd4 22. Nxd4 Qc5 23. Rxf6 Nxf6 24. Qe5+ Qe7 25. Qxb8 Qd8 26. Qe5+ Qe7 27.
Bc6+ Kd8 28. Qa5+ Qc7 29. Ne6+ fxe6 30. Bb6 1-0

[Event "XXXVII Olimpiadi femminile"]
[Site "Torino ITA"]
[Date "2006.05.21"]
[Round "1.1"]
[White "Smokina, Karolina"]
[Black "Connolly, Suzanne"]
[Result "1-0"]
[WhiteElo "2252"]
[BlackElo "2027"]
[Annotator "MDA-IRL"]
[PlyCount "131"]
[EventDate "2006.05.21"]

1. c4 e5 2. Nc3 Nf6 3. g3 Nc6 4. Bg2 Bc5 5. e3 O-O 6. Nge2 d6 7. d3 Bg4 8. h3
Bf5 9. g4 Bd7 10. Ng3 Rb8 11. a3 a5 12. b3 Ne7 13. Bd2 Bc6 14. Nce4 Nxe4 15.
dxe4 Bb6 16. Bc3 Ng6 17. Nf5 Nh4 18. Nxh4 Qxh4 19. Qd2 a4 20. b4 Rfe8 21. O-O
h5 22. Qe2 Bd7 23. f3 Rbd8 24. Rac1 Re6 25. Be1 Qg5 26. Rc3 hxg4 27. fxg4 Rf6
28. Rxf6 Qxf6 29. Bg3 Re8 30. Bf3 g5 31. Kg2 Kg7 32. Rc1 Rh8 33. Rh1 c6 34. Qd2
Qe6 35. Qc3 Bd8 36. Rd1 Bf6 37. Qd3 Be7 38. c5 Qh6 39. Rh1 Bc8 40. Qc2 Qe6 41.
cxd6 Bxd6 42. Qxa4 Qa2+ 43. Bf2 Bc7 44. Qa7 Rd8 45. Rd1 Rxd1 46. Bxd1 Qb1 47.
Bf3 Qb3 48. Qc5 Qe6 49. Be2 Qd6 50. Qc3 Be6 51. Bc4 Bxc4 52. Qxc4 Bb6 53. Qc3
f6 54. Qc2 Qd7 55. Kf3 Kf8 56. Qa4 Ke7 57. Ke2 Qe6 58. Qa8 Qd7 59. Qb8 c5 60.
Be1 c4 61. Kf2 Qc6 62. b5 Qxe4 63. Bb4+ Kd7 64. Qd6+ Kc8 65. Qxb6 Qc2+ 66. Kg3
1-0

[Event "XXXVII Olimpiadi femminile"]
[Site "Torino ITA"]
[Date "2006.05.21"]
[Round "1.2"]
[White "Quinn, Deborah"]
[Black "Partac, Elena"]
[Result "1/2-1/2"]
[WhiteElo "1813"]
[BlackElo "2095"]
[Annotator "MDA-IRL"]
[PlyCount "60"]
[EventDate "2006.05.21"]

1. e4 c5 2. Nc3 Nc6 3. f4 g6 4. Nf3 Bg7 5. Bb5 Nd4 6. O-O a6 7. Bd3 d6 8. Nxd4
cxd4 9. Ne2 Nf6 10. Kh1 O-O 11. Nxd4 Nxe4 12. Bxe4 Bxd4 13. Qf3 Rb8 14. c3 Bg7
15. f5 d5 16. Bxd5 Bxf5 17. Be4 Bxe4 18. Qxe4 e5 19. d4 exd4 20. Bf4 Rc8 21.
Qxb7 dxc3 22. bxc3 Rxc3 23. Qxa6 Qa8 24. Qxa8 Rxa8 25. Rad1 Rca3 26. Rf2 Rxa2
27. Rxa2 Rxa2 28. Rd8+ Bf8 29. h3 Kg7 30. Be5+ f6 1/2-1/2

[Event "XXXVII Olimpiadi femminile"]
[Site "Torino ITA"]
[Date "2006.05.21"]
[Round "1.1"]
[White "Nuritdinova, Elena"]
[Black "Aketayeva, Dana"]
[Result "0-1"]
[WhiteElo "2087"]
[BlackElo "2328"]
[Annotator "TJK-KAZ"]
[PlyCount "114"]
[EventDate "2006.05.21"]

1. e4 e5 2. Nf3 Nc6 3. Bb5 a6 4. Ba4 Nf6 5. O-O b5 6. Bb3 Bc5 7. c3 d6 8. d4
Bb6 9. Re1 O-O 10. Bg5 h6 11. Bh4 Qe7 12. d5 Na5 13. Bc2 Bg4 14. h3 Bh5 15.
Nbd2 g5 16. Bg3 Bg6 17. Nf1 Nh5 18. Ne3 Nxg3 19. fxg3 Nc4 20. Qc1 c6 21. Kh1
Nxe3 22. Rxe3 Bxe3 23. Qxe3 cxd5 24. g4 Qf6 25. g3 Rac8 26. Bd3 dxe4 27. Bxe4
Bxe4 28. Qxe4 Rc4 29. Qe3 d5 30. Kg2 Re4 31. Qd3 Qb6 32. Rf1 Rd8 33. Nd2 Re3
34. Qf5 Re2+ 35. Rf2 Rxf2+ 36. Qxf2 Qxf2+ 37. Kxf2 Kg7 38. Ke3 Kf6 39. Nb3 Rc8
40. Kd3 Ke6 41. Nd2 f5 42. gxf5+ Kxf5 43. Nf1 Ke6 44. Ne3 Rf8 45. Ke2 h5 46.
Nc2 Kf5 47. Ke3 g4 48. h4 Ke6 49. Ne1 Rf1 50. Ke2 Rh1 51. Kf2 Kf5 52. Ng2 Ke4
53. Ne1 Rh2+ 54. Ng2 Kd3 55. Kg1 Rxg2+ 56. Kxg2 e4 57. Kf2 Kd2 0-1

[Event "XXXVII Olimpiadi femminile"]
[Site "Torino ITA"]
[Date "2006.05.21"]
[Round "1.1"]
[White "Da Bosco, Carla"]
[Black "Seps, Monika"]
[Result "0-1"]
[WhiteElo "2050"]
[BlackElo "2247"]
[Annotator "CRC-SUI"]
[PlyCount "64"]
[EventDate "2006.05.21"]

1. e4 c5 2. Nc3 d6 3. Bb5+ Bd7 4. Bxd7+ Qxd7 5. f4 Nc6 6. Nf3 g6 7. O-O Bg7 8.
d3 e6 9. Be3 Nd4 10. a4 Ne7 11. Qd2 Nec6 12. Ne1 f5 13. Rd1 O-O 14. Qf2 b6 15.
h3 Ne7 16. g4 Kh8 17. Kh2 e5 18. exf5 gxf5 19. Qg2 Ne6 20. fxe5 Bxe5+ 21. Kh1
fxg4 22. Rxf8+ Rxf8 23. hxg4 Ng6 24. Bh6 Nh4 25. Qh3 Rf2 26. Qxh4 Qf7 27. Ne4
Rf1+ 28. Kg2 Bd4 29. c3 Rg1+ 30. Kh2 Qf1 31. Ng3 Qf2+ 32. Kh3 Be5 0-1

[Event "XXXVII Olimpiadi femminile"]
[Site "Torino ITA"]
[Date "2006.05.21"]
[Round "1.2"]
[White "Bellin, Jana M."]
[Black "Mudongo, Boikhutso"]
[Result "1-0"]
[WhiteElo "2170"]
[BlackElo "1951"]
[Annotator "BOT-ENG"]
[PlyCount "67"]
[EventDate "2006.05.21"]

1. d4 d5 2. c4 e6 3. Nc3 Nf6 4. Nf3 Be7 5. cxd5 exd5 6. Bg5 Nbd7 7. e3 O-O 8.
Qc2 h6 9. Bf4 c6 10. h3 b6 11. Bd3 a6 12. O-O c5 13. dxc5 Nxc5 14. Be2 Bd6 15.
Bxd6 Qxd6 16. Rfd1 Qc6 17. Nd4 Qb7 18. Rac1 Rd8 19. b4 Ne6 20. Qb3 Ng5 21. Nf3
Nxf3+ 22. Bxf3 Be6 23. Rd4 Rd6 24. Qd1 Rd7 25. Qd3 Rad8 26. Rd1 Qa8 27. g4 Qb7
28. Bg2 b5 29. a4 bxa4 30. Nxa4 Qb5 31. Qxb5 axb5 32. Nc5 Ra7 33. e4 Bc8 34. e5
1-0

[Event "XXXVII Olimpiadi femminile"]
[Site "Torino ITA"]
[Date "2006.05.22"]
[Round "2.3"]
[White "Dauletova, Gulmira"]
[Black "Kovalevskaya, Ekaterina"]
[Result "0-1"]
[WhiteElo "2144"]
[BlackElo "2460"]
[Annotator "KAZ-RUS"]
[PlyCount "96"]
[EventDate "2006.05.21"]

1. e4 e5 2. Nf3 Nc6 3. Bb5 a6 4. Ba4 Nf6 5. O-O Be7 6. Re1 b5 7. Bb3 d6 8. c3
O-O 9. h3 Na5 10. Bc2 c5 11. d4 Qc7 12. d5 Ne8 13. g4 Nb7 14. b3 Bd7 15. Nbd2
g6 16. Nf1 Ng7 17. Bh6 Nd8 18. Ng3 f6 19. Kh2 Nf7 20. Bd2 Qc8 21. Rg1 Bd8 22.
a4 bxa4 23. bxa4 Ba5 24. Qe2 Kh8 25. Qc4 Ng5 26. Ne1 Qd8 27. Rb1 Bc8 28. f3 Ra7
29. Qe2 h5 30. h4 Nh7 31. gxh5 f5 32. exf5 Qxh4+ 33. Kg2 Nxf5 34. Bxf5 gxf5 35.
Rh1 Qf6 36. Qc4 Rg8 37. f4 Rag7 38. Rh3 Rg4 39. Nd3 Qg7 40. Be1 Nf6 41. h6 Qh7
42. Rb8 Bb7 43. Rxg8+ Rxg8 44. Kh2 Ng4+ 45. Kg1 Ne3 46. Qa2 c4 47. Bf2 Bb6 48.
Qb1 cxd3 0-1

[Event "XXXVII Olimpiadi femminile"]
[Site "Torino ITA"]
[Date "2006.05.22"]
[Round "2.1"]
[White "Azarova, Nadezhda"]
[Black "Khurtsidze, Nino"]
[Result "0-1"]
[WhiteElo "2281"]
[BlackElo "2426"]
[Annotator "BLR-GEO"]
[PlyCount "98"]
[EventDate "2006.05.21"]

1. e4 c5 2. Nf3 e6 3. d4 cxd4 4. Nxd4 a6 5. Bd3 Nf6 6. O-O d6 7. c4 b6 8. Nc3
Bb7 9. Qe2 Nbd7 10. b3 g6 11. Ba3 Nc5 12. Bc2 Bg7 13. Rfd1 Qe7 14. b4 Ncd7 15.
Bb3 O-O 16. Rac1 Rac8 17. f3 Bh6 18. Rb1 Rfd8 19. Na4 Ne8 20. Kh1 Qh4 21. Bc1
Bg7 22. f4 Nef6 23. Nf3 Qg4 24. Bc2 b5 25. Nb2 Nh5 26. Rxd6 Nxf4 27. Bxf4 Qxf4
28. c5 Ne5 29. Nd3 Nxd3 30. Rxd8+ Rxd8 31. Bxd3 h5 32. Rf1 h4 33. h3 Bh6 34.
Bc2 Qg3 35. Qe1 Bf4 36. Qxg3 hxg3 37. Re1 Kg7 38. Kg1 f5 39. Kf1 Kf6 40. Re2 g5
41. Ke1 g4 42. hxg4 fxg4 43. Nd2 Ke5 44. a3 Rh8 45. Kd1 Kd4 46. Re1 Rh2 47.
Nb3+ Kc3 48. Na5 Rxg2 49. Nxb7 Rxc2 0-1

[Event "XXXVII Olimpiadi femminile"]
[Site "Torino ITA"]
[Date "2006.05.22"]
[Round "2.2"]
[White "Dzagnidze, Nana"]
[Black "Popova, Natalija"]
[Result "1-0"]
[WhiteElo "2454"]
[BlackElo "2223"]
[Annotator "BLR-GEO"]
[PlyCount "81"]
[EventDate "2006.05.21"]

1. d4 Nf6 2. Nf3 e6 3. c4 b6 4. Nc3 Bb7 5. Bg5 d5 6. e3 Be7 7. Rc1 O-O 8. cxd5
exd5 9. Bd3 Nbd7 10. O-O Ne4 11. Bf4 Ndf6 12. Bxc7 Qxc7 13. Nxe4 Qd8 14. Nxf6+
Bxf6 15. Qa4 a6 16. Rc3 Qd6 17. Rfc1 b5 18. Qc2 g6 19. a4 b4 20. Rc7 Rfc8 21.
Qc5 Be7 22. Qxd6 Bxd6 23. Rxc8+ Rxc8 24. Rxc8+ Bxc8 25. h3 f6 26. Kf1 Kf7 27.
Ke2 h5 28. Nd2 g5 29. a5 Ke7 30. Nb3 h4 31. Kd2 Bc7 32. Nc5 Bxa5 33. Bxa6 Be6
34. Kc2 f5 35. Kb3 g4 36. hxg4 fxg4 37. Nxe6 h3 38. gxh3 gxh3 39. Ng7 Bc7 40.
Bf1 h2 41. Bg2 1-0

[Event "XXXVII Olimpiadi femminile"]
[Site "Torino ITA"]
[Date "2006.05.22"]
[Round "2.1"]
[White "Hoang, Thanh Trang"]
[Black "Heinatz, Gundula"]
[Result "1-0"]
[WhiteElo "2487"]
[BlackElo "2277"]
[Annotator "HUN-SUI"]
[PlyCount "127"]
[EventDate "2006.05.21"]

1. d4 d5 2. c4 e5 3. dxe5 d4 4. Nf3 Nc6 5. g3 Nge7 6. Bg2 Ng6 7. Qb3 Bb4+ 8.
Nbd2 O-O 9. O-O a5 10. a3 Be7 11. Rd1 a4 12. Qc2 Bg4 13. Nf1 Qd7 14. Bf4 Rfd8
15. Rd2 Bxf3 16. Bxf3 Na5 17. Rdd1 Ra6 18. e3 Nb3 19. Rab1 Rb6 20. Bd5 c6 21.
Be4 c5 22. h4 Nf8 23. Kg2 h6 24. h5 Ne6 25. Nh2 Na5 26. Nf3 Rb3 27. Rd3 b5 28.
cxb5 Qxb5 29. exd4 cxd4 30. Rxb3 Nxb3 31. Rd1 Nbc5 32. Bd3 Nxf4+ 33. gxf4 Qb7
34. Kg3 Rb8 35. Nxd4 Nxd3 36. Rxd3 Qxb2 37. Qxa4 Qb1 38. Rd1 Qe4 39. f3 Qa8 40.
Qxa8 Rxa8 41. Nc6 Bxa3 42. Rd7 Bc1 43. f5 Ra2 44. Nd8 Rd2 45. e6 fxe6 46. fxe6
Re2 47. f4 Bb2 48. Kf3 Re1 49. f5 Bf6 50. Nf7 Rf1+ 51. Ke4 Re1+ 52. Kd5 Rd1+
53. Kc6 Rc1+ 54. Kd6 Rd1+ 55. Kc7 Rc1+ 56. Kb7 Rb1+ 57. Ka8 Rh1 58. Rc7 Ra1+
59. Kb7 Rb1+ 60. Kc6 Rc1+ 61. Kd7 Rd1+ 62. Nd6 Be5 63. Rc8+ Kh7 64. Rc6 1-0

[Event "XXXVII Olimpiadi femminile"]
[Site "Torino ITA"]
[Date "2006.05.22"]
[Round "2.2"]
[White "Seps, Monika"]
[Black "Madl, Ildiko"]
[Result "1/2-1/2"]
[WhiteElo "2247"]
[BlackElo "2387"]
[Annotator "HUN-SUI"]
[PlyCount "64"]
[EventDate "2006.05.21"]

1. e4 c5 2. Nf3 Nc6 3. d4 cxd4 4. Nxd4 Nf6 5. Nc3 d6 6. Bg5 e6 7. Qd2 a6 8.
O-O-O Be7 9. f4 Bd7 10. Be2 Qc7 11. Bf3 O-O-O 12. Qe1 Kb8 13. Kb1 Nxd4 14. Rxd4
Bc6 15. Rd3 Rhe8 16. Qf2 Qa5 17. Rhd1 h6 18. Bh4 g5 19. fxg5 hxg5 20. e5 Bxf3
21. Qxf3 Qxe5 22. Bg3 Qc5 23. Bxd6+ Rxd6 24. Rxd6 Bxd6 25. Qxf6 Qc7 26. Qxg5
Bxh2 27. Qd2 f5 28. Ne2 Be5 29. c3 Bf6 30. Qe3 e5 31. Qf3 Qh7 32. Ng3 f4+
1/2-1/2

[Event "XXXVII Olimpiadi femminile"]
[Site "Torino ITA"]
[Date "2006.05.22"]
[Round "2.3"]
[White "Gara, Anita"]
[Black "Hund, Barbara"]
[Result "1-0"]
[WhiteElo "2367"]
[BlackElo "2261"]
[Annotator "HUN-SUI"]
[PlyCount "79"]
[EventDate "2006.05.21"]

1. e4 e5 2. Nf3 Nc6 3. Bb5 a6 4. Ba4 Nf6 5. O-O b5 6. Bb3 Be7 7. Re1 O-O 8. h3
d6 9. c3 Na5 10. Bc2 c5 11. d4 cxd4 12. cxd4 Nc6 13. Be3 a5 14. Nbd2 Nd7 15. d5
Nb4 16. Bb1 Na6 17. Bd3 Rb8 18. Rc1 Ndc5 19. Bb1 Bd7 20. Nf1 Bf6 21. Kh2 Qe7
22. g4 g6 23. Ng3 Rfc8 24. Rg1 Kh8 25. Qd2 b4 26. Rg2 a4 27. Rcg1 Nb7 28. Bh6
Na5 29. g5 Bg7 30. Bxg7+ Kxg7 31. Nf5+ Bxf5 32. exf5 Qa7 33. Qe2 Nc5 34. Nd2
Qb7 35. Qf3 e4 36. Bxe4 Nxe4 37. Qxe4 gxf5 38. Qd4+ Kg8 39. g6 hxg6 40. Rxg6+
1-0

[Event "XXXVII Olimpiadi femminile"]
[Site "Torino ITA"]
[Date "2006.05.22"]
[Round "2.3"]
[White "Hou, Yifan"]
[Black "Bellin, Jana M."]
[Result "1-0"]
[WhiteElo "2298"]
[BlackElo "2170"]
[Annotator "CHN-ENG"]
[PlyCount "77"]
[EventDate "2006.05.21"]

1. e4 c5 2. Nf3 e6 3. d4 cxd4 4. Nxd4 a6 5. Bd3 Nf6 6. O-O Qc7 7. Qe2 d6 8. c4
g6 9. Nc3 Bg7 10. Rd1 O-O 11. Nf3 Nbd7 12. Bf4 Nh5 13. Bg5 Bxc3 14. bxc3 e5 15.
Qd2 Nc5 16. Bc2 f6 17. Be3 Rd8 18. Qe2 Be6 19. Nd2 Qf7 20. Rab1 Rab8 21. Rb6
Qc7 22. Rdb1 Nd7 23. R6b2 b6 24. g3 Ng7 25. f4 exf4 26. gxf4 f5 27. Bd4 Re8 28.
Qg2 Nc5 29. e5 Nd7 30. Ba4 dxe5 31. fxe5 Rec8 32. Bxd7 Qxd7 33. Rxb6 Rxb6 34.
Rxb6 Bf7 35. Rb7 Qd8 36. Bb6 Qd3 37. Rxf7 Rb8 38. Ra7 Ne6 39. Qd5 1-0

[Event "XXXVII Olimpiadi femminile"]
[Site "Torino ITA"]
[Date "2006.05.22"]
[Round "2.2"]
[White "Aginian, Nelly"]
[Black "Stock, Lara"]
[Result "1/2-1/2"]
[WhiteElo "2332"]
[BlackElo "2200"]
[Annotator "CRO-ARM"]
[PlyCount "147"]
[EventDate "2006.05.21"]

1. e4 e5 2. Nf3 Nc6 3. Bb5 Nf6 4. d3 Bc5 5. O-O d6 6. c3 O-O 7. h3 Qe7 8. Nbd2
Be6 9. Re1 Rad8 10. Nf1 Bb6 11. Qe2 Nb8 12. Ba4 c6 13. Bc2 Nbd7 14. Ng3 Qe8 15.
d4 Qe7 16. a4 Rfe8 17. a5 Bc7 18. a6 b5 19. Be3 Bc4 20. Qd1 Bb6 21. Nf5 Qf8 22.
dxe5 dxe5 23. Qd6 Bxe3 24. Rxe3 g6 25. Qxf8+ Nxf8 26. Ng3 h6 27. b3 Be6 28.
Nxe5 Bxb3 29. Bxb3 Rxe5 30. f4 Ree8 31. f5 Kg7 32. e5 Nd5 33. Bxd5 Rxd5 34.
Rae1 c5 35. h4 Nd7 36. e6 Nf6 37. fxg6 fxg6 38. Re5 Re7 39. h5 Rd3 40. R5e3 c4
41. hxg6 Kxg6 42. Nh1 Rxe3 43. Rxe3 Nd5 44. Rg3+ Kf6 45. Rh3 Kg5 46. Ng3 Rxe6
47. Nf1 Rxa6 48. Nd2 Ra3 49. Ne4+ Kf4 50. Rh4+ Ke5 51. Kf2 a6 52. Nd2 Nxc3 53.
Rxc4 Nd1+ 54. Kg1 Ra2 55. Rc5+ Kd4 56. Nb3+ Ke4 57. Rc6 Ne3 58. Re6+ Kf4 59.
g3+ Kf3 60. Nd4+ Kxg3 61. Rxe3+ Kf4 62. Re6 h5 63. Ne2+ Kg4 64. Rg6+ Kf5 65.
Rg2 Ke5 66. Kf1 b4 67. Rg5+ Kf6 68. Rxh5 b3 69. Nc3 b2 70. Ke1 Ra3 71. Nb1 Ra1
72. Kd2 Rxb1 73. Kc2 Rg1 74. Kxb2 1/2-1/2

[Event "XXXVII Olimpiadi femminile"]
[Site "Torino ITA"]
[Date "2006.05.22"]
[Round "2.3"]
[White "Macek, Vlasta"]
[Black "Andriasian, Siranush"]
[Result "1/2-1/2"]
[WhiteElo "2243"]
[BlackElo "2237"]
[Annotator "CRO-ARM"]
[PlyCount "37"]
[EventDate "2006.05.21"]

1. d4 d5 2. c4 e6 3. Nc3 Be7 4. Nf3 Nf6 5. cxd5 exd5 6. Bg5 c6 7. Qc2 g6 8. e3
Bf5 9. Qb3 Qb6 10. Nd2 Nbd7 11. Be2 O-O 12. O-O Bd6 13. h3 h5 14. Rfe1 Kg7 15.
Rac1 Rfe8 16. Na4 Qa5 17. Nc3 Qb6 18. Na4 Qa5 19. Nc3 1/2-1/2

[Event "XXXVII Olimpiadi femminile"]
[Site "Torino ITA"]
[Date "2006.05.22"]
[Round "2.1"]
[White "Ortiz, Nadya Karolina"]
[Black "Sedina, Elena"]
[Result "1/2-1/2"]
[WhiteElo "2184"]
[BlackElo "2373"]
[Annotator "COL-ITA1"]
[PlyCount "75"]
[EventDate "2006.05.21"]

1. e4 e6 2. d4 d5 3. e5 c5 4. c3 Nc6 5. Nf3 Bd7 6. Be2 Nge7 7. Na3 cxd4 8. cxd4
Nf5 9. Nc2 Qb6 10. Kf1 Na5 11. g4 Ne7 12. Nfe1 Bb5 13. Nd3 h5 14. f3 hxg4 15.
fxg4 Ng6 16. b3 Rc8 17. Bd2 Rh3 18. Nce1 Nc6 19. Kg2 Rh8 20. Be3 Nb4 21. Rc1
Rxc1 22. Qxc1 Bc6 23. Nxb4 Bxb4 24. Nf3 Qa5 25. a4 Qd8 26. Bd3 Nh4+ 27. Nxh4
Qxh4 28. h3 f6 29. Bf2 Qh6 30. Qxh6 Rxh6 31. Be1 Be7 32. Bd2 Rh8 33. Re1 Kf7
34. Rf1 Ke8 35. Re1 Kf7 36. Rf1 Ke8 37. Re1 Kf7 38. Rf1 1/2-1/2